000 00461nam a2200193Ia 4500
005 20250603145041.0
008 250603s9999 xx 000 0 und d
020 _a9781118562376
050 _aTH 880 .C48/
100 _aChing, Francis D. K.; Shapiro, Ian M.
245 0 _aGreen building illustrated
250 _a2nd ed.
260 _aNew Jersey
260 _bJohn Wiley
260 _c2014
300 _a279 p
650 _aNew Jersey
942 _cBK
999 _c40725
_d40725